000 00667pam a2200229 a 4500
001 3788650
005 20250709160448.0
008 841203s1985 gau b 001 0 eng
020 _a0804206880 (pbk.) :
_c$14.95
020 _a9780804206884
050 0 0 _aBT40
_b.A44 1985
082 0 0 _a230/.01
_219
100 1 _aAllen, Diogenes.
245 1 0 _aPhilosophy for understanding theology /
_cDiogenes Allen.
260 _aAtlanta, Ga. :
_bJohn Knox Press,
_cc1985.
300 _avi, 287 p. ;
_c21 cm.
500 _aIncludes index.
650 0 _aPhilosophical theology.
650 0 _aPhilosophy
_xHistory.
650 0 _aChristianity
_xPhilosophy.
942 _2lcc
_cBK
_n0
999 _c6891
_d6891